Legislativa Evropských společenství v oblasti územní a druhové ochrany přírody : (směrnice 79/409/EHS, směrnice 92/43/EHS, rozhodnutí 97/266/ES) /
| Další autoři: | Roth, Petr, 1961- |
|---|---|
| Jazyk: | Latina Čeština Angličtina |
| Vydáno: |
Praha : Ministerstvo životního prostředí, 2003 |
| Témata: | |
| Externí odkaz: |
Digitalizovaný dokument
|
| Fyzický popis: |
181 s. : il., mapa ; 26 cm |
| LEADER | 01520nam a2200361 a 4500 | ||
|---|---|---|---|
| 001 | 000671833 | ||
| 003 | CZ BrMZK | ||
| 005 | 20100521122135.0 | ||
| 007 | ta | ||
| 008 | 030527s2003 xr ab e l 000 0 cze d | ||
| 015 | |a cnb001251318 | ||
| 020 | |a 80-7212-222-3 |q (brož.) | ||
| 035 | |a (OCoLC)53272472 | ||
| 040 | |a BOA001 |b cze | ||
| 041 | 0 | |a cze |a eng |a lat | |
| 043 | |a e------ | ||
| 072 | 7 | |a 349 |x Pracovní, sociální, stavební právo. Právo životního prostředí |2 Konspekt |9 16 | |
| 080 | |a 349.6 |2 MRF | ||
| 080 | |a 502.17 |2 MRF | ||
| 080 | |a (4) |2 MRF | ||
| 080 | |a (094.5) |2 MRF | ||
| 245 | 0 | 0 | |a Legislativa Evropských společenství v oblasti územní a druhové ochrany přírody : |b (směrnice 79/409/EHS, směrnice 92/43/EHS, rozhodnutí 97/266/ES) / |c editor: Petr Roth |
| 260 | |a Praha : |b Ministerstvo životního prostředí, |c 2003 | ||
| 300 | |a 181 s. : |b il., mapa ; |c 26 cm | ||
| 500 | |a Částečně anglický a latinský text | ||
| 650 | 0 | 7 | |a právo životního prostředí |7 ph115918 |z země Evropských společenství |2 czenas |
| 650 | 0 | 7 | |a ochrana přírody |7 ph115552 |z země Evropských společenství |2 czenas |
| 655 | 7 | |a právní předpisy |7 fd133151 |2 czenas | |
| 700 | 1 | |a Roth, Petr, |d 1961- |7 mzk2003185860 |4 edt | |
| 856 | 4 | 1 | |u http://www.digitalniknihovna.cz/mzk/uuid/uuid:6747d730-b316-11e2-8b87-005056827e51 |y Digitalizovaný dokument |x NDK |
| 910 | |a BOA001 |b 3-1119.363 | ||
| 990 | |a BK | ||
| 996 | 6 | |b 2610191384 |c 3-1119.363 |l MZK |r Sklad / do 1 hodiny |n 1 |p p.v. |w 000671833 |u 000010 |a 1 |e BOA001 |j MZK50 |s P | |
English
Čeština 